| 000 | 01142cab a2200217 4500 | ||
|---|---|---|---|
| 001 | ABS68071 | ||
| 008 | 040707n2004 000 0 eng u | ||
| 035 | _a(Sirsi) u126729 | ||
| 245 | _aLand-use planning for sustainable waste management: the ESA view | ||
| 260 | _c2004 | ||
| 490 |
_aWaste Planning _v(51) June 2004, 6-9(4) |
||
| 520 | _aSummarises the report by the Environmental Services Association (ESA) on what a 21st century planning system should deliver for the waste management industry. ESA estimates that 2 000 new facilities are needed over the next decade, if the UK is to meet the landfill directive (Directive 99/31/EC) with more sites if the UK is to improve its recycling performance. According to ESA, the planning system will need to facilitate decisions on new sites as it can take a waste management facility several years to become operational. | ||
| 590 | _aABS | ||
| 650 | _aPLANNING SYSTEM | ||
| 650 | _aWASTE MANAGEMENT SITES | ||
| 650 | _aWASTE RECYCLING | ||
| 650 | _aDIRECTIVE 99/31/EC | ||
| 650 | _aPLANNING DECISIONS | ||
| 690 | _aENVIRONMENTAL AND LAND CONSULTANCY-WASTE MANAGEMENT | ||
| 942 | _n0 | ||
| 999 |
_c74451 _d74451 |
||